000 00694nam a2200229 i 4500
001 C2-0246729
003 PPAK
005 20180727211428.0
008 030325s1991 enka|||| ||||| | eng d
020 _a0199101396
040 _aPPAK
_beng
_cPPAK
_erda
082 0 4 _a032.02
_223
090 0 0 _a032.02
_bOXF
_dRK
245 0 0 _aOxford children's encyclopedia Vol. 5
_bMedieval England - Pop and rock
264 1 _aOxford :
_bOxford University Press ,
_c1991
300 _a192 pages :
_bcolour illustrations ;
_c28 cm
336 _2rdacontent
_atext
337 _2rdamedia
_aunmediated
338 _2rdacarrier
_avolume
650 1 0 _aChildren's encyclopedias and dictionaries
942 _ddc
_cB
999 _c60633
_d60633